| 000 | 00741nam a22002177a 4500 | ||
|---|---|---|---|
| 082 |
_a297.5 _bAIN _cL-31-11, P-18 |
||
| 100 |
_aAmeer Ali, Syed _937201 |
||
| 245 | _aعین الھدایہ | ||
| 250 | _a3rd ed. | ||
| 260 |
_aLahore _bادارہ نشریات اسلام لاہور _c1984 |
||
| 300 |
_a658p.: چار جلدوں پر مشتمل _bill,; _c15 cm. |
||
| 500 | _aچار جلدوں پر مشتمل | ||
| 526 |
_a0 _b0 _c0 _d297_500000000000000_AIN |
||
| 526 |
_a0 _b0 _c0 _d297_500000000000000_AIN |
||
| 526 |
_a0 _b0 _c0 _d297_500000000000000_AIN |
||
| 526 |
_a0 _b0 _c0 _d297_500000000000000_AIN |
||
| 526 |
_a0 _b0 _c0 _d297_500000000000000_AIN |
||
| 526 |
_a0 _b0 _c0 _d297_500000000000000_AIN |
||
| 650 |
_aMCE _9379 |
||
| 942 |
_2ddc _cBK |
||
| 999 |
_c550510 _d550510 |
||